Stolice świata z literą „J” - Statystyki

Ogólne statystyki
  • Ten quiz został rozwiązany 310 razy
  • Średni wynik to 12 z 17
Statystyki odpowiedzi
Stolica % Poprawnych
Jerozolima
92%
Jaunde
87%
Jamusukro
85%
Kijów
81%
Majuro
77%
Bejrut
73%
Reykjavík
73%
Tajpej
72%
Pjongjang
71%
Rijad
69%
Sarajewo
66%
Skopje
66%
Nikozja
64%
Saint John’s
63%
Kuwejt
57%
San José
56%
Sri
Dźajawardanapura
Kotte
46%
Nie znaleziono quizów pasujących do podanych kryteriów
Rozkład punktacji
Procent ludzi z każdym wynikiem
Percentyl według liczby udzielonych odpowiedzi
Twoja historia wyników
Nie rozwiązałeś tego quizu